| 000 | 00657nam a2200193Ia 4500 | ||
|---|---|---|---|
| 003 | IN-BaIIA | ||
| 008 | 211028s9999 xx 000 0 eng d | ||
| 020 | _a92-9092-544-2 | ||
| 040 | _cIIA Library | ||
| 080 |
_a52-76(036) _bINE |
||
| 100 |
_aGomez de Castro, Ana I _925574 |
||
| 245 | 0 |
_aINES access guide no.1 _binternational ultraviolet explorer -IUE newly extracted Spectra-Herbig-Haro Objects _cAna I Gomez de Castro; compiled by Angel Robles |
|
| 260 |
_aThe Netherlands _bEuropean Space Agency _c1999 |
||
| 300 | _avi, 166p. | ||
| 490 | _aSP-1237 | ||
| 650 |
_aUltraviolet explorer _920950 |
||
| 700 |
_aRobert, Angel., comp. _925575 |
||
| 942 | _cBK | ||
| 999 |
_c14414 _d14414 |
||